000 00580nam a2200193Ia 4500
003 GCL
008 140319s9999 xx 000 0 eng d
020 _a9774245687
040 _aGCL /
_cGCL
082 0 4 _aCC
_b723.3
_bL C
100 1 _aBEHRENS - ABOUSEIF, DORIS
245 1 0 _aTHE CAIRO HERITAGE /
_cBEHRENS - ABOUSEIF, DORIS
260 _aالقاهرة :
_bTHE AMERICAN UNIVERSITY IN CAIRO PRESS ،
_c2000
300 _a20 CM ؛
_c340 P
650 0 4 _aISLAM - ARCHETICTURE
650 0 4 _aARCHITECTURE - CAIRO
650 0 4 _aARCHITECTURE - ISLAMIC INFLUENCES
942 _2ddc
_cBK
999 _c7446
_d7446